[Event "DSJ Weihnachtsturnier U16: Steinitz 2020"]
[Site ""]
[Date "2020.12.28"]
[Round "6"]
[White "Widmann, Maximilian"]
[Black "Pichl, Christoph"]
[Result "1/2-1/2"]
[Termination "normal"]
[Board "5.3"]
[WhiteElo "1573"]
[BlackElo "1501"]
[WhiteTeam "VfB Schach Leipzig"]
[BlackTeam "SK Bad Homburg 1927"]
[PlyCount "80"]
[WhiteFideId "16281691"]
[BlackFideId "16249739"]
[EventRounds "7"]
[EventType "team-swiss"]
[EventDate "2020.12.28"]

1. Nf3 {[%emt 0:00:08]} d5 {[%emt 0:00:04]} 2. g3 {[%emt 0:00:02]} Nf6 { [%emt
0:00:07]} 3. Bg2 {[%emt 0:00:03]} g6 {[%emt 0:00:06]} 4. O-O {[%emt 0:00:05]}
Bg7 {[%emt 0:00:02]} 5. d4 {[%emt 0:00:10]} O-O {[%emt 0:00:18]} 6. e3 { [%emt
0:00:04]} Bf5 {[%emt 0:00:23]} 7. b3 {[%emt 0:00:13]} Nbd7 {[%emt 0:00:40]} 8.
c4 {[%emt 0:00:07]} c6 {[%emt 0:00:11]} 9. Nc3 {[%emt 0:00:13]} Ne4 { [%emt
0:00:15]} 10. Nxe4 {[%emt 0:00:15]} Bxe4 {[%emt 0:00:07]} 11. Nd2 { [%emt
0:00:10]} Bxg2 {[%emt 0:00:12]} 12. Kxg2 {[%emt 0:00:04]} e5 {[%emt 0:00:02]}
13. Bb2 {[%emt 0:00:36]} exd4 {[%emt 0:00:45]} 14. Bxd4 {[%emt 0:00:04]} Bxd4
{[%emt 0:00:46]} 15. exd4 {[%emt 0:00:05]} Nf6 {[%emt 0:00:21]} 16. c5 { [%emt
0:00:08]} Re8 {[%emt 0:00:08]} 17. Qf3 {[%emt 0:00:03]} Ne4 {[%emt 0:00:55]}
18. Nxe4 {[%emt 0:00:20]} dxe4 {[%emt 0:00:06]} 19. Qc3 {[%emt 0:00:02]} Qd5
{[%emt 0:00:10]} 20. Kg1 {[%emt 0:00:05]} Rad8 {[%emt 0:00:41]} 21. Rad1 {
[%emt 0:00:11]} Qe6 {[%emt 0:00:17]} 22. Rfe1 {[%emt 0:00:10]} f5 {[%emt
0:00:25]} 23. Qc4 {[%emt 0:00:19]} Qxc4 {[%emt 0:00:07]} 24. bxc4 {[%emt
0:00:00]} Kf7 {[%emt 0:00:20]} 25. d5 {[%emt 0:00:23]} cxd5 {[%emt 0:00:04]}
26. cxd5 { [%emt 0:00:01]} Re5 {[%emt 0:00:02]} 27. c6 {[%emt 0:00:28]} Rexd5
{[%emt 0:00:30]} 28. Rxd5 {[%emt 0:00:17]} Rxd5 {[%emt 0:00:02]} 29. cxb7
{[%emt 0:00:06]} Rb5 {[%emt 0:00:02]} 30. Rc1 {[%emt 0:00:12]} Rxb7 {[%emt
0:00:02]} 31. Kf1 { [%emt 0:00:03]} Ke6 {[%emt 0:00:09]} 32. Rc2 {[%emt
0:00:06]} Kd5 {[%emt 0:00:10]} 33. Ke2 {[%emt 0:00:02]} Kd4 {[%emt 0:00:14]}
34. h4 {[%emt 0:00:06]} Kd5 {[%emt 0:00:35]} 35. Ke3 {[%emt 0:00:04]} Ke5
{[%emt 0:00:07]} 36. Rc5+ { [%emt 0:00:20]} Kd6 {[%emt 0:00:08]} 37. Rc2 {[%emt
0:00:05]} Rc7 {[%emt 0:00:05]} 38. Rd2+ {[%emt 0:00:05] VfBLeip2-003 offers a
draw} Ke5 {[%emt 0:00:14]} 39. Rb2 {[%emt 0:00:10]} Rc3+ {[%emt 0:00:06]} 40.
Ke2 {[%emt 0:00:05]} Rc7 { [%emt 0:00:03] BadHom1-003 offers a draw} 1/2-1/2

[Event "DSJ Weihnachtsturnier U16: Steinitz 2020"]
[Site ""]
[Date "2020.12.28"]
[Round "6"]
[White "von Beckh, Frieda"]
[Black "Willberg, Marek"]
[Result "1-0"]
[Termination "normal"]
[Board "5.4"]
[WhiteElo "1590"]
[BlackElo "1386"]
[WhiteTeam "SK Bad Homburg 1927"]
[BlackTeam "VfB Schach Leipzig"]
[PlyCount "119"]
[WhiteFideId "16233751"]
[BlackFideId "16224027"]
[EventRounds "7"]
[EventType "team-swiss"]
[EventDate "2020.12.28"]

1. e4 {[%emt 0:00:13]} b6 {[%emt 0:00:02]} 2. d4 {[%emt 0:00:22]} Bb7 {[%emt
0:00:01]} 3. Nc3 {[%emt 0:00:03]} e6 {[%emt 0:00:03]} 4. Nf3 {[%emt 0:00:13]}
Bb4 {[%emt 0:00:07]} 5. Bd3 {[%emt 0:00:21]} Nf6 {[%emt 0:00:08]} 6. Bd2 {[%emt
0:00:16]} Bxc3 {[%emt 0:00:17]} 7. Bxc3 {[%emt 0:00:09]} Bxe4 {[%emt 0:00:03]}
8. Bxe4 {[%emt 0:00:05]} Nxe4 {[%emt 0:00:02]} 9. Bb4 {[%emt 0:00:24]} Nc6 {
[%emt 0:00:13]} 10. Ba3 {[%emt 0:00:28]} d6 {[%emt 0:00:43]} 11. d5 {[%emt
0:00:22]} Ne7 {[%emt 0:00:40]} 12. dxe6 {[%emt 0:00:52]} fxe6 {[%emt 0:00:04]}
13. O-O {[%emt 0:00:03]} Nf6 {[%emt 0:00:17]} 14. Qe2 {[%emt 0:00:20]} e5 {
[%emt 0:00:12]} 15. Ng5 {[%emt 0:00:40]} Qd7 {[%emt 0:00:36]} 16. Rad1 { [%emt
0:00:39]} h6 {[%emt 0:00:08]} 17. Nf3 {[%emt 0:00:17]} O-O {[%emt 0:00:24]} 18.
Nxe5 {[%emt 0:00:09]} Qe6 {[%emt 0:00:25]} 19. Qc4 {[%emt 0:00:36]} Qxc4 {[%emt
0:00:17]} 20. Nxc4 {[%emt 0:00:05]} Rae8 {[%emt 0:00:22]} 21. Rfe1 {[%emt
0:00:10]} Nc6 {[%emt 0:00:31]} 22. Rxe8 {[%emt 0:00:33]} Rxe8 {[%emt 0:00:04]}
23. h3 {[%emt 0:00:16]} Re2 {[%emt 0:00:21]} 24. Ne3 {[%emt 0:00:08]} Ne4
{[%emt 0:00:18]} 25. Ng4 {[%emt 0:00:51]} Rxc2 {[%emt 0:00:22]} 26. Re1 { [%emt
0:00:21]} d5 {[%emt 0:00:15]} 27. Ne3 {[%emt 0:00:28]} Rd2 {[%emt 0:00:27]} 28.
Nxd5 {[%emt 0:00:38]} Rxd5 {[%emt 0:00:27]} 29. Rxe4 {[%emt 0:00:01]} Kf7
{[%emt 0:00:03]} 30. Rf4+ {[%emt 0:00:13]} Ke6 {[%emt 0:00:15]} 31. Bf8 { [%emt
0:00:14]} Rd7 {[%emt 0:00:11]} 32. Rg4 {[%emt 0:00:09]} Kf7 {[%emt 0:00:21]}
33. Rf4+ {[%emt 0:00:03]} Kg6 {[%emt 0:00:05]} 34. Rg4+ {[%emt 0:00:05]} Kf7
{[%emt 0:00:07]} 35. Rxg7+ {[%emt 0:00:07]} Ke8 {[%emt 0:00:04]} 36. Rxd7 {
[%emt 0:00:02]} Kxd7 {[%emt 0:00:01]} 37. Bxh6 {[%emt 0:00:01]} Nb4 {[%emt
0:00:04]} 38. f4 {[%emt 0:00:00]} Nxa2 {[%emt 0:00:07]} 39. f5 {[%emt 0:00:03]}
Ke7 {[%emt 0:00:02]} 40. g4 {[%emt 0:00:00]} Nb4 {[%emt 0:00:08]} 41. h4 {
[%emt 0:00:00]} Nd5 {[%emt 0:00:03]} 42. g5 {[%emt 0:00:07]} Kf7 {[%emt
0:00:06]} 43. f6 {[%emt 0:00:00]} c5 {[%emt 0:00:12]} 44. h5 {[%emt 0:00:02]}
Nf4 { [%emt 0:00:08]} 45. g6+ {[%emt 0:00:11]} Nxg6 {[%emt 0:00:01] .} 46.
hxg6+ { [%emt 0:00:04]} Kxg6 {[%emt 0:00:02]} 47. Bg7 {[%emt 0:00:01]} b5
{[%emt 0:00:04]} 48. Kf2 {[%emt 0:00:02]} c4 {[%emt 0:00:04]} 49. Ke3 {[%emt
0:00:00]} b4 { [%emt 0:00:01]} 50. Kd4 {[%emt 0:00:01]} c3 {[%emt 0:00:03]} 51.
bxc3 {[%emt 0:00:02]} bxc3 {[%emt 0:00:01]} 52. Kxc3 {[%emt 0:00:01]} Kf7
{[%emt 0:00:01]} 53. Kb4 {[%emt 0:00:01]} a6 {[%emt 0:00:02]} 54. Ka5 {[%emt
0:00:01]} Kg8 { [%emt 0:00:02]} 55. Kxa6 {[%emt 0:00:00]} Kf7 {[%emt 0:00:00]}
56. Kb6 { [%emt 0:00:01]} Ke8 {[%emt 0:00:00]} 57. Kc6 {[%emt 0:00:01]} Kf7
{[%emt 0:00:00]} 58. Kd6 {[%emt 0:00:03]} Ke8 {[%emt 0:00:10]} 59. Ke6 {[%emt
0:00:00]} Kd8 {[%emt 0:00:02]} 60. f7 {[%emt 0:00:01]} 1-0

[Event "DSJ Weihnachtsturnier U16: Steinitz 2020"]
[Site ""]
[Date "2020.12.28"]
[Round "6"]
[White "Hommel, Niclas"]
[Black "Matthäi, Jakob"]
[Result "1-0"]
[Termination "normal"]
[Board "6.1"]
[WhiteElo "2062"]
[BlackElo "1919"]
[WhiteTeam "TSG Oberschöneweide"]
[BlackTeam "USG Chemnitz"]
[PlyCount "105"]
[WhiteFideId "12974927"]
[BlackFideId "16240421"]
[EventRounds "7"]
[EventType "team-swiss"]
[EventDate "2020.12.28"]

1. e4 {[%emt 0:00:02]} e5 {[%emt 0:00:07]} 2. Nf3 {[%emt 0:00:02]} Nc6 { [%emt
0:00:13]} 3. Bc4 {[%emt 0:00:03]} Bc5 {[%emt 0:00:03]} 4. b4 {[%emt 0:00:04]}
Bxb4 {[%emt 0:00:08]} 5. c3 {[%emt 0:00:04]} Ba5 {[%emt 0:00:07]} 6. d4 { [%emt
0:00:02]} d6 {[%emt 0:00:23]} 7. Qb3 {[%emt 0:00:22]} Qd7 {[%emt 0:00:03] } 8.
O-O {[%emt 0:00:06]} Bb6 {[%emt 0:00:07]} 9. Nbd2 {[%emt 0:00:02]} Na5 { [%emt
0:00:08]} 10. Qc2 {[%emt 0:00:03]} Nxc4 {[%emt 0:00:43]} 11. Nxc4 { [%emt
0:00:02]} Qe6 {[%emt 0:00:22]} 12. Qb3 {[%emt 0:02:11]} f6 {[%emt 0:00:27]} 13.
a4 {[%emt 0:00:10]} c6 {[%emt 0:01:00]} 14. Ba3 {[%emt 0:00:27]} Bc7 { [%emt
0:00:06]} 15. Nxd6+ {[%emt 0:00:02]} Bxd6 {[%emt 0:00:12]} 16. Qxe6+ { [%emt
0:00:01]} Bxe6 {[%emt 0:00:01]} 17. Bxd6 {[%emt 0:00:01]} exd4 {[%emt 0:00:16]}
18. cxd4 {[%emt 0:00:07]} Rd8 {[%emt 0:00:02]} 19. Bf4 {[%emt 0:00:34]} Bg4
{[%emt 0:00:08]} 20. Rab1 {[%emt 0:00:17]} b6 {[%emt 0:00:08]} 21. Rb4 { [%emt
0:00:35]} Bxf3 {[%emt 0:00:15]} 22. gxf3 {[%emt 0:00:03]} Ne7 {[%emt 0:00:00]}
23. Be3 {[%emt 0:00:59]} Kf7 {[%emt 0:00:06]} 24. a5 {[%emt 0:00:03]} b5 {[%emt
0:00:24]} 25. f4 {[%emt 0:00:04]} a6 {[%emt 0:00:02]} 26. f5 { [%emt 0:00:10]}
Rd7 {[%emt 0:00:07]} 27. Rb2 {[%emt 0:00:22]} g6 {[%emt 0:00:02]} 28. fxg6+
{[%emt 0:00:04]} hxg6 {[%emt 0:00:00]} 29. Rc1 {[%emt 0:00:19]} Rh4 {[%emt
0:00:34]} 30. f3 {[%emt 0:00:06]} f5 {[%emt 0:00:01]} 31. Bg5 { [%emt 0:00:11]}
Rh5 {[%emt 0:00:20]} 32. Bxe7 {[%emt 0:00:02]} Rxe7 {[%emt 0:00:00]} 33. e5
{[%emt 0:00:10]} Re6 {[%emt 0:00:17]} 34. Rbc2 {[%emt 0:00:03]} Rh4 {[%emt
0:00:08]} 35. Rxc6 {[%emt 0:00:02]} Rxd4 {[%emt 0:00:04]} 36. Rc7+ { [%emt
0:00:08]} Re7 {[%emt 0:00:01]} 37. Rxe7+ {[%emt 0:00:01]} Kxe7 {[%emt 0:00:01]}
38. Rc6 {[%emt 0:00:01]} Rd5 {[%emt 0:00:17]} 39. Rxa6 {[%emt 0:00:16]} g5
{[%emt 0:00:09]} 40. Ra8 {[%emt 0:00:16]} Rxe5 {[%emt 0:00:04]} 41. a6 { [%emt
0:00:04]} b4 {[%emt 0:00:02]} 42. a7 {[%emt 0:00:01]} Ra5 {[%emt 0:00:21] } 43.
Rh8 {[%emt 0:00:02]} Ra1+ {[%emt 0:00:16]} 44. Kf2 {[%emt 0:00:06]} Ra2+ {[%emt
0:00:02]} 45. Ke3 {[%emt 0:00:01]} f4+ {[%emt 0:00:27]} 46. Kd4 { [%emt
0:00:02]} g4 {[%emt 0:01:00]} 47. a8=Q {[%emt 0:00:03]} Rxa8 {[%emt 0:00:11]}
48. Rxa8 {[%emt 0:00:03]} gxf3 {[%emt 0:00:00]} 49. Ra1 {[%emt 0:00:03]} b3
{[%emt 0:00:04]} 50. Kc3 {[%emt 0:00:03]} Kf6 {[%emt 0:00:02]} 51. Kxb3 { [%emt
0:00:02]} Kg5 {[%emt 0:00:01]} 52. Rf1 {[%emt 0:00:05]} Kg4 {[%emt 0:00:02]}
53. Kc3 {[%emt 0:00:02]} 1-0

[Event "DSJ Weihnachtsturnier U16: Steinitz 2020"]
[Site ""]
[Date "2020.12.28"]
[Round "6"]
[White "Ehrig, Leon Chris"]
[Black "Nguyen, Phuc Nhat"]
[Result "1-0"]
[Termination "normal"]
[Board "6.2"]
[WhiteElo "1685"]
[BlackElo "1639"]
[WhiteTeam "USG Chemnitz"]
[BlackTeam "TSG Oberschöneweide"]
[PlyCount "75"]
[WhiteFideId "16244796"]
[BlackFideId "16253590"]
[EventRounds "7"]
[EventType "team-swiss"]
[EventDate "2020.12.28"]

1. e4 {[%emt 0:00:04]} e5 {[%emt 0:00:05]} 2. Nf3 {[%emt 0:01:02]} Nc6 { [%emt
0:00:02]} 3. Bc4 {[%emt 0:00:06]} Bc5 {[%emt 0:00:08]} 4. b4 {[%emt 0:00:04]}
Bxb4 {[%emt 0:00:06]} 5. c3 {[%emt 0:00:04]} Bc5 {[%emt 0:00:02]} 6. d4 { [%emt
0:00:04]} exd4 {[%emt 0:00:03]} 7. O-O {[%emt 0:00:03]} d3 {[%emt 0:00:26]} 8.
Qxd3 {[%emt 0:00:09]} d6 {[%emt 0:00:04]} 9. Bg5 {[%emt 0:00:41]} Nf6 { [%emt
0:00:05]} 10. e5 {[%emt 0:00:37]} dxe5 {[%emt 0:00:05]} 11. Bxf7+ { [%emt
0:00:16]} Kxf7 {[%emt 0:00:06]} 12. Qc4+ {[%emt 0:00:03]} Qd5 {[%emt 0:00:08]}
13. Qh4 {[%emt 0:00:20]} Bg4 {[%emt 0:00:29]} 14. Bxf6 {[%emt 0:00:04]} Bxf3
{[%emt 0:00:02]} 15. Bxg7 {[%emt 0:00:18]} Kxg7 {[%emt 0:00:08]} 16. gxf3
{[%emt 0:00:07]} Qxf3 {[%emt 0:00:05]} 17. Nd2 {[%emt 0:00:01]} Qf6 {[%emt
0:00:13]} 18. Qxf6+ {[%emt 0:00:13] Chemni1-002 offers a draw} Kxf6 {[%emt
0:00:33]} 19. Ne4+ {[%emt 0:00:02]} Ke7 {[%emt 0:00:10]} 20. Nxc5 {[%emt
0:00:02]} Rab8 {[%emt 0:00:04]} 21. Rfe1 {[%emt 0:00:17]} Rhg8+ {[%emt
0:00:07]} 22. Kh1 {[%emt 0:00:07]} Rgf8 {[%emt 0:00:05]} 23. Kg2 {[%emt
0:00:03]} Rf5 {[%emt 0:00:06]} 24. Rad1 {[%emt 0:00:06]} Rg8+ {[%emt 0:00:11]}
25. Kf1 {[%emt 0:00:18] } Rgf8 {[%emt 0:00:36]} 26. Re2 {[%emt 0:00:05]} Ke8
{[%emt 0:00:15]} 27. Nxb7 {[%emt 0:00:14]} Rh5 {[%emt 0:00:22]} 28. Kg2 {[%emt
0:00:24]} Rg8+ {[%emt 0:00:05]} 29. Kh1 {[%emt 0:00:01]} Rg4 {[%emt 0:00:21]}
30. f3 {[%emt 0:00:29]} Rf4 {[%emt 0:00:25]} 31. Rd3 {[%emt 0:00:08]} Rh3
{[%emt 0:00:13]} 32. Kg2 { [%emt 0:00:04]} Rh5 {[%emt 0:00:02]} 33. Kh1 {[%emt
0:00:06]} Rhf5 {[%emt 0:00:09]} 34. Kg2 {[%emt 0:00:03]} h5 {[%emt 0:00:28]}
35. Nc5 {[%emt 0:00:11]} h4 { [%emt 0:00:19]} 36. Ne6 {[%emt 0:00:04]} h3+
{[%emt 0:00:05]} 37. Kg3 {[%emt 0:00:10]} Rc4 {[%emt 0:00:21]} 38. Ng7+ {[%emt
0:00:04]} 1-0

[Event "DSJ Weihnachtsturnier U16: Steinitz 2020"]
[Site ""]
[Date "2020.12.28"]
[Round "6"]
[White "Nguyen, Tung Phong"]
[Black "Lorenz, Jakob"]
[Result "1-0"]
[Termination "normal"]
[Board "6.3"]
[WhiteElo "1375"]
[BlackElo "1575"]
[WhiteTeam "TSG Oberschöneweide"]
[BlackTeam "USG Chemnitz"]
[PlyCount "115"]
[WhiteFideId "16228855"]
[BlackFideId "16259475"]
[EventRounds "7"]
[EventType "team-swiss"]
[EventDate "2020.12.28"]

1. e4 {[%emt 0:00:15]} e5 {[%emt 0:00:09]} 2. Nf3 {[%emt 0:00:04]} Nc6 { [%emt
0:00:02]} 3. Bc4 {[%emt 0:00:02]} Bc5 {[%emt 0:00:02]} 4. c3 {[%emt 0:00:05]}
Nf6 {[%emt 0:00:19]} 5. d3 {[%emt 0:00:02]} d6 {[%emt 0:00:06]} 6. b4 { [%emt
0:00:06]} Bb6 {[%emt 0:00:01]} 7. O-O {[%emt 0:00:06]} Ne7 {[%emt 0:00:13]} 8.
a4 {[%emt 0:00:15]} a6 {[%emt 0:00:03]} 9. Nbd2 {[%emt 0:00:16]} Ng6 { [%emt
0:00:20]} 10. Re1 {[%emt 0:00:27]} Be6 {[%emt 0:00:25]} 11. Bxe6 { [%emt
0:00:07]} fxe6 {[%emt 0:00:04]} 12. Qb3 {[%emt 0:00:01]} Qe7 {[%emt 0:00:18]}
13. Nc4 {[%emt 0:00:06]} Ba7 {[%emt 0:00:10]} 14. b5 {[%emt 0:00:18]} O-O
{[%emt 0:00:33]} 15. d4 {[%emt 0:00:19]} exd4 {[%emt 0:00:08]} 16. cxd4 { [%emt
0:00:03]} Kh8 {[%emt 0:00:07]} 17. Ba3 {[%emt 0:00:19]} Ne8 {[%emt 0:02:40]}
18. e5 {[%emt 0:01:15]} Nf4 {[%emt 0:00:18]} 19. b6 {[%emt 0:01:19]} Bb8 {
[%emt 0:00:20]} 20. bxc7 {[%emt 0:00:16]} Bxc7 {[%emt 0:00:20]} 21. exd6 {
[%emt 0:00:26]} Bxd6 {[%emt 0:00:14]} 22. Bxd6 {[%emt 0:00:02]} Nxd6 {[%emt
0:00:02]} 23. Nxd6 {[%emt 0:00:01]} Qxd6 {[%emt 0:00:03]} 24. Qxb7 {[%emt
0:00:02]} Rab8 {[%emt 0:00:25]} 25. Qe4 {[%emt 0:00:15]} Qd5 {[%emt 0:00:33]}
26. Qxd5 {[%emt 0:00:16]} exd5 {[%emt 0:00:00] Chemni1-003 offers a draw} 27.
Rab1 {[%emt 0:00:22]} h6 {[%emt 0:00:40]} 28. Rxb8 {[%emt 0:00:22]} Rxb8 {[%emt
0:00:04]} 29. g3 {[%emt 0:00:01]} Ng6 {[%emt 0:00:14]} 30. Re6 {[%emt 0:00:11]}
Kh7 {[%emt 0:00:13]} 31. Rxa6 {[%emt 0:00:07]} Rb3 {[%emt 0:00:13]} 32. Ne5 {
[%emt 0:00:12]} Nxe5 {[%emt 0:00:13]} 33. dxe5 {[%emt 0:00:02]} Rb1+ {[%emt
0:00:01]} 34. Kg2 {[%emt 0:00:02]} Re1 {[%emt 0:00:01]} 35. f4 {[%emt 0:00:05]}
d4 {[%emt 0:00:01]} 36. Rd6 {[%emt 0:00:04]} Rd1 {[%emt 0:00:04]} 37. Kf2 {
[%emt 0:00:03]} d3 {[%emt 0:00:01]} 38. a5 {[%emt 0:00:01]} d2 {[%emt 0:00:05]}
39. Ke2 {[%emt 0:00:03]} Ra1 {[%emt 0:00:03]} 40. Rxd2 {[%emt 0:00:04]} Rxa5 {
[%emt 0:00:01]} 41. Ke3 {[%emt 0:00:02]} Kg6 {[%emt 0:00:01]} 42. g4 {[%emt
0:00:07]} Ra3+ {[%emt 0:00:06]} 43. Rd3 {[%emt 0:00:04]} Ra4 {[%emt 0:00:01]}
44. Rd6+ {[%emt 0:00:03]} Kf7 {[%emt 0:00:02]} 45. h4 {[%emt 0:00:12]} Ra3+ {
[%emt 0:00:03]} 46. Ke4 {[%emt 0:00:18]} Rg3 {[%emt 0:00:06]} 47. g5 {[%emt
0:00:12]} h5 {[%emt 0:00:02]} 48. f5 {[%emt 0:00:08]} Rg4+ {[%emt 0:00:03]} 49.
Kf3 {[%emt 0:00:01]} Rxh4 {[%emt 0:00:01]} 50. g6+ {[%emt 0:00:01]} Ke7 { [%emt
0:00:12]} 51. Ra6 {[%emt 0:00:09]} Rd4 {[%emt 0:00:10]} 52. Ra7+ { [%emt
0:00:07]} Kf8 {[%emt 0:00:04]} 53. f6 {[%emt 0:00:20]} gxf6 {[%emt 0:00:09]}
54. exf6 {[%emt 0:00:00]} Rd8 {[%emt 0:00:16]} 55. Rh7 {[%emt 0:00:13]} Rd3+
{[%emt 0:00:11]} 56. Ke4 {[%emt 0:00:02]} Re3+ {[%emt 0:00:11]} 57. Kxe3 {
[%emt 0:00:03]} h4 {[%emt 0:00:01]} 58. Rh8# {[%emt 0:00:02]} 1-0

[Event "DSJ Weihnachtsturnier U16: Steinitz 2020"]
[Site ""]
[Date "2020.12.28"]
[Round "6"]
[White "Dickel, Karl-Joachim"]
[Black "Vetter, Samuel Kai"]
[Result "0-1"]
[Termination "normal"]
[Board "6.4"]
[WhiteElo "1244"]
[BlackElo "1214"]
[WhiteTeam "USG Chemnitz"]
[BlackTeam "TSG Oberschöneweide"]
[PlyCount "52"]
[WhiteFideId "34630120"]
[BlackFideId "34658831"]
[EventRounds "7"]
[EventType "team-swiss"]
[EventDate "2020.12.28"]

1. e4 {[%emt 0:00:01]} e6 {[%emt 0:00:03]} 2. d4 {[%emt 0:00:02]} d5 {[%emt
0:00:02]} 3. e5 {[%emt 0:00:01]} c5 {[%emt 0:00:02]} 4. dxc5 {[%emt 0:00:03]}
Bxc5 {[%emt 0:00:03]} 5. Nf3 {[%emt 0:00:01]} Nc6 {[%emt 0:00:02]} 6. Nc3 {
[%emt 0:00:03]} f6 {[%emt 0:00:08]} 7. exf6 {[%emt 0:00:02]} Nxf6 {[%emt
0:00:00]} 8. Bb5 {[%emt 0:00:02]} O-O {[%emt 0:00:02]} 9. Bg5 {[%emt 0:00:02]}
a6 { [%emt 0:00:02]} 10. Ba4 {[%emt 0:00:02]} b5 {[%emt 0:00:09]} 11. Bb3
{[%emt 0:00:01]} Na5 {[%emt 0:00:05]} 12. O-O {[%emt 0:00:05]} Nxb3 {[%emt
0:00:02]} 13. cxb3 {[%emt 0:00:02]} b4 {[%emt 0:00:05]} 14. Na4 {[%emt
0:00:03]} Bd6 { [%emt 0:00:06]} 15. h3 {[%emt 0:00:06]} Bd7 {[%emt 0:00:03]}
16. Re1 {[%emt 0:00:03]} Qc7 {[%emt 0:00:08]} 17. Rc1 {[%emt 0:00:04]} Qb7
{[%emt 0:00:09]} 18. Ne5 {[%emt 0:00:03]} Bxa4 {[%emt 0:00:15]} 19. bxa4 {[%emt
0:00:02]} Rac8 { [%emt 0:00:06]} 20. Rxc8 {[%emt 0:00:04]} Qxc8 {[%emt
0:00:00]} 21. b3 { [%emt 0:00:01]} Qc7 {[%emt 0:00:08]} 22. Nf3 {[%emt
0:00:01]} h6 {[%emt 0:00:12]} 23. Bxf6 {[%emt 0:00:03]} Rxf6 {[%emt 0:00:04]}
24. Rxe6 {[%emt 0:00:01]} Rxe6 {[%emt 0:00:08]} 25. Qxd5 {[%emt 0:00:01]} Qc1+
{[%emt 0:00:07]} 26. Ne1 { [%emt 0:00:07]} Qxe1# {[%emt 0:00:02]} 0-1

[Event "DSJ Weihnachtsturnier U16: Steinitz 2020"]
[Site ""]
[Date "2020.12.28"]
[Round "6"]
[White "Tovmasyan, Minas"]
[Black "Huber, Benedikt"]
[Result "1/2-1/2"]
[Termination "normal"]
[Board "7.1"]
[WhiteElo "1771"]
[BlackElo "1613"]
[WhiteTeam "TuS Makkabi Rostock"]
[BlackTeam "SK Kelheim 1920 2"]
[PlyCount "96"]
[WhiteFideId "16247620"]
[BlackFideId "16281225"]
[EventRounds "7"]
[EventType "team-swiss"]
[EventDate "2020.12.28"]

1. d4 {[%emt 0:00:03]} d5 {[%emt 0:00:01]} 2. c4 {[%emt 0:00:02]} c6 {[%emt
0:00:02]} 3. cxd5 {[%emt 0:00:01]} cxd5 {[%emt 0:00:02]} 4. Bf4 {[%emt
0:00:00]} Nc6 {[%emt 0:00:06]} 5. e3 {[%emt 0:00:01]} Nf6 {[%emt 0:00:02]} 6.
Nc3 { [%emt 0:00:01]} a6 {[%emt 0:00:03]} 7. Be2 {[%emt 0:00:01]} Bf5 {[%emt
0:00:02] } 8. g4 {[%emt 0:00:03]} Bg6 {[%emt 0:00:04]} 9. h4 {[%emt 0:00:02]}
h6 { [%emt 0:00:06]} 10. Nh3 {[%emt 0:00:30]} Nb4 {[%emt 0:00:13]} 11. Rc1
{[%emt 0:00:15]} e6 {[%emt 0:00:24]} 12. O-O {[%emt 0:00:26]} Ne4 {[%emt
0:00:46]} 13. Nxe4 {[%emt 0:00:33]} Bxe4 {[%emt 0:00:00]} 14. Bg3 {[%emt
0:00:07]} Be7 { [%emt 0:01:00]} 15. a3 {[%emt 0:01:40]} Nc6 {[%emt 0:00:04]}
16. Qb3 {[%emt 0:01:18]} Qd7 {[%emt 0:01:00]} 17. Nf4 {[%emt 0:01:48]} O-O
{[%emt 0:01:22]} 18. Nd3 {[%emt 0:00:24]} Rac8 {[%emt 0:00:58]} 19. Nc5 {[%emt
0:00:33]} Bxc5 { [%emt 0:00:05]} 20. Rxc5 {[%emt 0:00:09]} Bg6 {[%emt 0:00:38]}
21. Rfc1 { [%emt 0:00:09]} f6 {[%emt 0:00:58]} 22. Qb6 {[%emt 0:01:06]} Bf7
{[%emt 0:00:27]} 23. Bxa6 {[%emt 0:00:36]} bxa6 {[%emt 0:00:23]} 24. Rxc6
{[%emt 0:00:04]} a5 {[%emt 0:00:31]} 25. Qc5 {[%emt 0:00:24]} Rxc6 {[%emt
0:00:18]} 26. Qxc6 { [%emt 0:00:00]} Qxc6 {[%emt 0:00:00]} 27. Rxc6 {[%emt
0:00:01]} Ra8 {[%emt 0:00:01]} 28. h5 {[%emt 0:00:25]} Kf8 {[%emt 0:00:20]} 29.
Rc7 {[%emt 0:00:04]} Ra6 {[%emt 0:00:24]} 30. Rb7 {[%emt 0:00:05]} Ra8 {[%emt
0:00:06]} 31. Rb8+ { [%emt 0:00:06]} Rxb8 {[%emt 0:00:01]} 32. Bxb8 {[%emt
0:00:00]} a4 {[%emt 0:00:02]} 33. Bc7 {[%emt 0:00:02]} Ke7 {[%emt 0:00:03]} 34.
Kf1 {[%emt 0:00:01]} Kd7 {[%emt 0:00:01]} 35. Bb6 {[%emt 0:00:01]} Kc6 {[%emt
0:00:01]} 36. Bc5 { [%emt 0:00:00]} f5 {[%emt 0:00:07]} 37. f3 {[%emt 0:00:03]}
fxg4 {[%emt 0:00:04]} 38. fxg4 {[%emt 0:00:00]} e5 {[%emt 0:00:01]} 39. Kg2
{[%emt 0:00:03]} exd4 {[%emt 0:00:10]} 40. Bxd4 {[%emt 0:00:00]} g6 {[%emt
0:00:01]} 41. hxg6 { [%emt 0:00:04]} Bxg6 {[%emt 0:00:00]} 42. Kg3 {[%emt
0:00:00]} h5 {[%emt 0:00:02]} 43. g5 {[%emt 0:00:03]} Kd7 {[%emt 0:00:02]} 44.
Kf4 {[%emt 0:00:04]} Ke6 {[%emt 0:00:01]} 45. Ba7 {[%emt 0:00:03]} Bf5 {[%emt
0:00:03]} 46. Bd4 { [%emt 0:00:03]} Bg6 {[%emt 0:00:01]} 47. Bc5 {[%emt
0:00:02]} Bf5 {[%emt 0:00:02]} 48. Bd4 {[%emt 0:00:02]} Bg6 {[%emt 0:00:01]}
1/2-1/2

[Event "DSJ Weihnachtsturnier U16: Steinitz 2020"]
[Site ""]
[Date "2020.12.28"]
[Round "6"]
[White "Bangsa, Citra"]
[Black "Röste, Hugo"]
[Result "0-1"]
[Termination "normal"]
[Board "7.2"]
[WhiteElo "1398"]
[BlackElo "1597"]
[WhiteTeam "SK Kelheim 1920 2"]
[BlackTeam "TuS Makkabi Rostock"]
[PlyCount "60"]
[WhiteFideId "34605274"]
[BlackFideId "16247604"]
[EventRounds "7"]
[EventType "team-swiss"]
[EventDate "2020.12.28"]

1. e4 {[%emt 0:00:07]} c5 {[%emt 0:00:07]} 2. Nf3 {[%emt 0:00:03]} a6 {[%emt
0:00:08]} 3. d4 {[%emt 0:00:05]} cxd4 {[%emt 0:00:16]} 4. Nxd4 {[%emt 0:00:07]}
Nf6 {[%emt 0:00:45]} 5. Nc3 {[%emt 0:00:06]} e5 {[%emt 0:01:00]} 6. Nf3 { [%emt
0:00:08]} Bb4 {[%emt 0:00:21]} 7. Bd3 {[%emt 0:00:21]} d5 {[%emt 0:00:17] } 8.
exd5 {[%emt 0:00:12]} e4 {[%emt 0:00:07]} 9. Qe2 {[%emt 0:00:29]} O-O { [%emt
0:00:11]} 10. Bxe4 {[%emt 0:00:04]} Nxe4 {[%emt 0:00:11]} 11. Qxe4 { [%emt
0:00:03]} Re8 {[%emt 0:00:06]} 12. Ne5 {[%emt 0:00:03]} Bd6 {[%emt 0:00:23]}
13. f4 {[%emt 0:00:37]} f6 {[%emt 0:00:09]} 14. O-O {[%emt 0:00:24]} fxe5
{[%emt 0:00:08]} 15. fxe5 {[%emt 0:00:03]} Bxe5 {[%emt 0:00:06]} 16. Qf3 {
[%emt 0:00:49]} Rf8 {[%emt 0:00:29]} 17. Qxf8+ {[%emt 0:01:30]} Qxf8 {[%emt
0:00:07]} 18. Rxf8+ {[%emt 0:00:02]} Kxf8 {[%emt 0:00:02]} 19. Bd2 {[%emt
0:00:02]} Nd7 {[%emt 0:00:17]} 20. Rf1+ {[%emt 0:00:05]} Nf6 {[%emt 0:00:08]}
21. Na4 {[%emt 0:00:33]} b5 {[%emt 0:00:15]} 22. Nb6 {[%emt 0:00:12]} Bd4+ {
[%emt 0:00:47]} 23. Kh1 {[%emt 0:00:10]} Bxb6 {[%emt 0:00:08]} 24. Bb4+ { [%emt
0:00:06]} Kg8 {[%emt 0:00:05]} 25. b3 {[%emt 0:00:04]} Bb7 {[%emt 0:00:20]} 26.
c4 {[%emt 0:00:36]} bxc4 {[%emt 0:00:11]} 27. bxc4 {[%emt 0:00:02]} Rc8 {[%emt
0:00:08]} 28. c5 {[%emt 0:02:46]} Bxc5 {[%emt 0:00:10]} 29. Bxc5 { [%emt
0:00:02]} Rxc5 {[%emt 0:00:05]} 30. d6 {[%emt 0:00:02]} Rd5 {[%emt 0:00:07]}
0-1